Phillips Curves, Phillips Lines and the Unemployment Costs of Overheating

Saved in:
Bibliographic Details
Main Author: Clark, Peter B.
Other Authors: Laxton, Douglas
Format: Book
Language:English
Published: Washington International Monetary Fund 1997
Edition:1. ed.
Series:IMF Working Paper 17
Subjects:
Tags: Add Tag
No Tags, Be the first to tag this record!

MARC

LEADER 00000nam a2200000 4500
001 c020917
005 20221129110227.2
041 0 |a eng 
044 |a US 
245 1 0 |a Phillips Curves, Phillips Lines and the Unemployment Costs of Overheating  |c Peter B. Clark, Douglas Laxton 
250 |a 1. ed. 
264 1 |a Washington  |b International Monetary Fund  |c 1997 
300 |a 50 s. 
490 1 |a IMF Working Paper  |v 17 
830 0 |a IMF Working Paper  |v 17 
610 2 0 |a politika finančná 
610 2 0 |a politika fiškálna 
610 2 0 |a nezamestnanosť 
610 2 0 |a náklady rozpočtové 
610 2 0 |a náklady 
610 2 0 |a podpory v nezamestnanosti 
610 2 0 |a inflácia 
610 2 0 |a modely lineárne 
610 2 0 |a USA 
610 2 0 |a 1961-1995 
100 1 |a Clark, Peter B. 
700 1 |a Laxton, Douglas